| 000 | 006990000a22002290004500 | ||
|---|---|---|---|
| 003 | LK-CoMWRAF | ||
| 005 | 20231102145555.0 | ||
| 008 | 230817t2004 ||||| |||| 00| 0 eng d | ||
| 020 | _a9555993726 | ||
| 040 |
_aLK-CoMWRAF _dLK-CoMWRAF _eLK-CoMWRAF |
||
| 041 | _aeng | ||
| 082 |
_a320.954 _bGUN |
||
| 100 | _aGunaratne, Malinga H. | ||
| 245 | _aTortured island and the price of peace | ||
| 260 |
_aRatmalana: _bSarvodaya Vishva Lekha, _c2004 |
||
| 300 | _axx, 205 p. : ill. (some col.) ; 21 cm. | ||
| 650 | _aSINHALESE-Politics and government | ||
| 650 | _a Tamil (Indic people) -Sri Lanka | ||
| 650 | _aEthnic relations-Sr Lanka | ||
| 650 | _aPolitics and government-Sri Lanka | ||
| 942 | _cBK | ||
| 999 |
_c778 _d778 |
||